000 00610nam a2200229Ia 4500
003 0100
008 130227s9999 xx 000 0 und d
040 _cARRUPELIB
050 _aJF11.P36 1992
245 _aParliamentary versus presidential government
260 _aOxford
260 _bOxford University Press
260 _C192
300 _axii
300 _b 257p. 22cm.
440 _aOxford readings in politics and government
650 _bEnglish wit and humor
650 _cPublic administration--Humor
650 _dManagement--Humor
700 _aLijphart, Arend ed.
942 _2lcc
_01
999 _c2520
_d2520